00495nam a2200193Ia 4500003000400000005001700004008004100021020001800062040000700080041001200087082001800099100001500117245006800132250000600200260002800206300003300234365001400267650002000281OSt20251010115449.0210423s2001 xx 000 0 und d a9780415616171 cAL aEnglish a801.95 bTYSU aLois Tyson aUsing critical theoryb: how to read and write about literature a2 bRoutledgec2001aLondon axvii,348p.bPBc22.8x15.3cm. b2023cINR aLiterary Theory